000 00524nam a22001457a 4500
003 macl
005 20190323140035.0
008 190323b xxu||||| |||| 00| 0 eng d
040 _cmacl
100 _aवार्ष्‍णेय,डॉ. लक्ष्‍मीसागर
_973918
245 _aहिन्‍दी सन्‍दर्थ कोश
260 _aमेरठ
_bभारतीय साहित्‍यप्रकाशन
_c2014
650 _aसंदर्थकोश
_973919
942 _2ddc
_cHIN
999 _c59096
_d59096